¿Qué hago con mis hijos? : (Registro nro. 15844)
[ vista simple ]
| 000 -LEADER | |
|---|---|
| fixed length control field | 01341nam a22002657a 4500 |
| 003 - CONTROL NUMBER IDENTIFIER | |
| control field | OSt |
| 005 - DATE AND TIME OF LATEST TRANSACTION | |
| control field | 20220323151513.0 |
| 008 - FIXED-LENGTH DATA ELEMENTS--GENERAL INFORMATION | |
| fixed length control field | 220323s2002 ck ||||gr|||| 00| 0 spa d |
| 020 ## - INTERNATIONAL STANDARD BOOK NUMBER | |
| International Standard Book Number | 9580469776 |
| 040 ## - CATALOGING SOURCE | |
| Original cataloging agency | CO-JMCR |
| Transcribing agency | CO-JMCR |
| 041 0# - LANGUAGE CODE | |
| Language code of text/sound track or separate title | spa |
| 082 04 - DEWEY DECIMAL CLASSIFICATION NUMBER | |
| Classification number | 649.1 / |
| Item number | A174q |
| Edition number | 23 |
| 100 1# - MAIN ENTRY--PERSONAL NAME | |
| Personal name | Acevedo, Annie de, |
| Relator term | autora |
| 9 (RLIN) | 41987 |
| 245 12 - TITLE STATEMENT | |
| Title | ¿Qué hago con mis hijos? : |
| Remainder of title | preguntas frecuentes sobre como cuidar a los niños / |
| Statement of responsibility, etc. | Annie de Acevedo |
| 260 ## - PUBLICATION, DISTRIBUTION, ETC. | |
| Place of publication, distribution, etc. | Bogotá : |
| Name of publisher, distributor, etc. | Norma, |
| Date of publication, distribution, etc. | 2002. |
| 300 ## - PHYSICAL DESCRIPTION | |
| Extent | xxiii, 214 páginas ; |
| Dimensions | 22 cm. |
| 500 ## - GENERAL NOTE | |
| General note | Bibliografía del autor en solapa frontal. |
| 505 0# - FORMATTED CONTENTS NOTE | |
| Formatted contents note | Preguntas y respuestas sobre niños en edad preescolar. -- Preguntas y respuestas sobre niños en edad escolar. -- Preguntas y respuestas sobre adolescentes. -- Preguntas y respuestas sobre temas generales de la crianza. -- Breves reflexiones sobre la crianza. |
| 520 1# - SUMMARY, ETC. | |
| Summary, etc. | Escrito en forma de preguntas y respuestas, ¿Qué hago con mis hijos? recoge la mayoría de las inquietudes que con frecuencia los padres le manifiestan a la autora tanto en su trabajo como psicóloga de un colegio, como en la consulta privada y en sus conferencias. |
| 521 0# - TARGET AUDIENCE NOTE | |
| Target audience note | Material para adultos. |
| 650 14 - SUBJECT ADDED ENTRY--TOPICAL TERM | |
| Topical term or geographic name entry element | Psicología infantil |
| 9 (RLIN) | 2491 |
| 650 24 - SUBJECT ADDED ENTRY--TOPICAL TERM | |
| Topical term or geographic name entry element | Educación de niños |
| 9 (RLIN) | 164 |
| 650 24 - SUBJECT ADDED ENTRY--TOPICAL TERM | |
| Topical term or geographic name entry element | Crianza de niños |
| 9 (RLIN) | 13864 |
| 942 ## - ADDED ENTRY ELEMENTS (KOHA) | |
| Source of classification or shelving scheme | Dewey Decimal Classification |
| Koha item type | Books |
| Withdrawn status | Lost status | Source of classification or shelving scheme | Damaged status | Not for loan | Home library | Current library | Shelving location | Date acquired | Source of acquisition | Total Checkouts | Full call number | Barcode | Date last seen | Copy number | Price effective from | Koha item type |
|---|---|---|---|---|---|---|---|---|---|---|---|---|---|---|---|---|
| Dewey Decimal Classification | Biblioteca Pública José María del Castillo y Rada | Biblioteca Pública José María del Castillo y Rada | Processing Center | 02/23/2022 | Donación | 649.1 / A174q | 201811150 | 05/16/2024 | Ej.1 | 03/23/2022 | Books |